|
|
|
|
| LEADER |
00993nam a2200253 a 4500 |
| 001 |
2996707 |
| 008 |
090817s1997 njua 001 0 eng d |
| 010 |
|
|
|a 93022387
|
| 020 |
|
|
|a 8175541180
|
| 040 |
|
|
|a DLC
|c DLC
|d DLC
|
| 082 |
0 |
0 |
|a 658.4/52
|2 20
|
| 245 |
0 |
0 |
|a Powerful presentation skills :
|b simple ideas for making a real impact/
|c Jons Ehrenborg and John Mattock.
|
| 260 |
|
|
|a Hawthorne, NJ ;
|a New Delhi:
|b Career Press;
|b Kogan Page,
|c c1997.
|
| 250 |
|
|
|a 2nd edition[South Asian edition 2000]
|
| 300 |
|
|
|a 107p. :
|b ill. ;
|c 21 cm.
|
| 490 |
|
0 |
|a Business desk reference
|
| 504 |
|
|
|a Includes index.
|
| 541 |
1 |
|
|e 00012226
|
| 650 |
|
0 |
|a Business presentations.
|
| 700 |
1 |
|
|a Ehrenborg,Jons.
|
| 700 |
1 |
|
|a Mattock,John.
|
| 852 |
4 |
|
|a Ayesha Abed Library
|j General Shelf.
|
| 999 |
|
|
|c 3369
|d 3369
|
| 952 |
|
|
|0 0
|1 4
|2 ddc
|4 0
|6 658_452000000000000_POW
|7 0
|9 3060
|a BRACUL
|b BRACUL
|c GEN
|d 2009-08-31
|g 0.00
|l 0
|o 658.452 POW
|p 3010012226
|r 2009-08-31
|t 1
|w 2009-08-31
|y BK
|x No price found in the accession register.
|